00443nam a2200145Ia 4500020001800000082001700018100002200035245007600057250000800133260004300141300001400184504003600198650003000234650003300264 a9781412916066 a300.72 CRE-Q aCreswell, John W. 0aQualitative inquiry and research design: choosing among five approaches a2nd aThousand OaksbSage Publicationsc2007 axvii, 395 aincludes bibliography and index aSocial sciencesvResearch aSocial sciencesvMethodology